Commutative algebra

Збережено в:
Бібліографічні деталі
Автор: Knight, J. T (Автор)
Формат: Книга
Мова:Англійська
Опубліковано: Cambridge Cambridge University 1971
Серія:London Mathematical Society Lecture Note Series, 5
Предмети:
Теги: Додати тег
Немає тегів, Будьте першим, хто поставить тег для цього запису!

MARC

LEADER 00000nam a2200000 a 4500
001 UCQ9476
003 CL-VaPUC
008 990112e19710000uk |||||||||||||||||eng|d
082 0 4 |a 512.24  |b KNI  |2 21 
100 0 |a Knight, J. T  |e author  |9 424047 
245 1 0 |a Commutative algebra 
300 |a 128 p 
942 |c BK 
945 |d 19990112 00:00:00  |a crobeson 
260 |a Cambridge  |b Cambridge University  |c 1971 
650 0 |a Álgebra conmutativa  |9 269932 
650 0 |a Anillos  |9 374316 
650 0 |a Módulos   |9 356144 
650 0 |a Teoría de números  |9 265327 
650 0 |a Geometría   |9 264063 
583 |a last modification  |c 20130724 07:18:23  |k Rodrigo Vera 
490 0 |a London Mathematical Society Lecture Note Series, 5 
999 |c 278478  |d 278476 
952 |0 0  |1 0  |4 0  |6 512_240000000000000_KNI_1971  |7 0  |8 A  |9 317059  |a BIBMAT  |b BIBMAT  |d 2019-11-20  |i 1315072  |o 512.24 KNI 1971  |p 1315072  |r 2025-01-07  |w 2019-11-20  |y BK  |k MAT